[Event "4th Essent op"]
[Site "Hoogeveen NED"]
[Date "2000.10.18"]
[Round "6.10"]
[White "Markus, John Raymond"]
[Black "Aagaard, Jacob"]
[Result "0-1"]
[WhiteElo "2238"]
[BlackElo "2389"]
[EventDate "2000.10.13"]
[PlyCount "74"]

1.d4 Nf6 2.Nf3 d5 3.e3 c6 4.c4 e6 5.Bd3 Nbd7 6.O-O Bd6 7.Nbd2 O-O 8.b3 e5 
9.cxd5 cxd5 10.dxe5 Nxe5 11.Be2 Re8 12.Bb2 Nc6 13.Nd4 Bc7 14.Rc1 Qd6 15.g3
Bb6 16.Nxc6 bxc6 17.Nc4 Qe6 18.Nxb6 axb6 19.a4 Bb7 20.Bf3 Rad8 21.Qd4 Ba6 
22.Rfd1 c5 23.Qc3 Qf5 24.Bg2 d4 25.Qc2 Qxc2 26.Rxc2 dxe3 27.Rxd8 Rxd8 28.
fxe3 Rd1+ 29.Kf2 Bd3 30.Rc3 Ng4+ 31.Kf3 Ne5+ 32.Kf4 f6 33.Bd5+ Kf8 34.g4 
Rg1 35.e4 Rg2 36.Ba3 g5+ 37.Kf5 Ke7 0-1

[Event "4th Essent op"]
[Site "Hoogeveen NED"]
[Date "2000.10.18"]
[Round "6.11"]
[White "Shklovski, Vladislav"]
[Black "Berkvens, Joost"]
[Result "0-1"]
[WhiteElo "2220"]
[BlackElo "2364"]
[EventDate "2000.10.13"]
[PlyCount "94"]

1.e4 c5 2.Nf3 d6 3.d4 cxd4 4.Nxd4 Nf6 5.Nc3 Nc6 6.f3 e5 7.Nb3 Be6 8.Be3 
Be7 9.Qe2 a5 10.O-O-O Qb8 11.Kb1 O-O 12.Nd5 Bxd5 13.exd5 Nb4 14.Qb5 Qc8 
15.Bc4 Bd8 16.a3 Na6 17.Qa4 Nd7 18.Bb5 Nb6 19.Qe4 Nc7 20.Bxb6 Nxb5 21.Be3 
Nc7 22.c4 f5 23.Qc2 Na6 24.c5 a4 25.Nc1 Nxc5 26.Bxc5 dxc5 27.Nd3 Bf6 28.
Nxc5 Ra5 29.Ne6 Qxc2+ 30.Kxc2 Rc8+ 31.Kb1 Kf7 32.g4 g6 33.g5 Bh8 34.h4 Rb5
35.Rd2 e4 36.fxe4 fxe4 37.Rf1+ Ke7 38.Nf4 Kd6 39.h5 gxh5 40.Rh1 Rf8 41.
Nxh5 e3 42.Rc2 Rf2 43.Nf6 Bxf6 44.gxf6 Rxd5 45.Re1 Rxc2 46.Kxc2 Re5 47.Kd1
e2+ 0-1

[Event "4th Essent op"]
[Site "Hoogeveen NED"]
[Date "2000.10.18"]
[Round "6.13"]
[White "Timmermans, Ivo"]
[Black "Vogel, Jaap"]
[Result "1-0"]
[WhiteElo "2200"]
[BlackElo "2272"]
[EventDate "2000.10.13"]
[PlyCount "81"]

1.e4 e6 2.d4 d5 3.Nc3 Bb4 4.e5 b6 5.a3 Bf8 6.Bb5+ c6 7.Ba4 a5 8.Nce2 Ba6 
9.c3 Ne7 10.Nf3 h6 11.O-O Nd7 12.Re1 Qc7 13.h4 Bxe2 14.Qxe2 b5 15.Bc2 a4 
16.h5 Nb6 17.Nh4 O-O-O 18.b3 g5 19.hxg6 axb3 20.Bxb3 Nxg6 21.Nxg6 fxg6 22.
a4 bxa4 23.Bxa4 Kd7 24.Qf3 Be7 25.Ba3 Rhf8 26.Qg4 Rf5 27.Bxe7 Kxe7 28.Qxg6
Rdf8 29.Bc2 Rxf2 30.Rf1 Rxf1+ 31.Rxf1 Rxf1+ 32.Kxf1 Nd7 33.Qg7+ Kd8 34.
Qg8+ Ke7 35.Bg6 Qb8 36.Qf7+ Kd8 37.Qxe6 Qb5+ 38.Kg1 Qe2 39.Kh2 Qe1 40.Qe8+
Kc7 41.Qe7 1-0

[Event "4th Essent op"]
[Site "Hoogeveen NED"]
[Date "2000.10.18"]
[Round "6.17"]
[White "Van der Veen, Jan"]
[Black "Gorecki, Zbigniew"]
[Result "1-0"]
[WhiteElo "2092"]
[BlackElo "2005"]
[EventDate "2000.10.13"]
[PlyCount "71"]

1.e4 c5 2.Nc3 Nc6 3.f4 g6 4.Bb5 Na5 5.d4 a6 6.Be2 e6 7.Nf3 cxd4 8.Qxd4 Nf6
9.e5 Nc6 10.Qd1 Ng4 11.h3 Nh6 12.Ne4 Be7 13.g4 O-O 14.Be3 Nb4 15.c4 b5 16.
a3 Nc6 17.O-O f5 18.exf6 Bxf6 19.Nxf6+ Rxf6 20.cxb5 axb5 21.Bxb5 Bb7 22.
Qd2 Rf8 23.Rad1 Rf7 24.f5 Ne7 25.Bxd7 exf5 26.Bxh6 fxg4 27.Bxg4 Qc7 28.Qd6
Qxd6 29.Rxd6 Nf5 30.Bxf5 Rxf5 31.Nh2 Rh5 32.Bf4 Rxh3 33.Rfd1 Rb3 34.Rd8+ 
Kf7 35.R1d7+ Ke6 36.Rxb7 1-0

[Event "4th Essent op"]
[Site "Hoogeveen NED"]
[Date "2000.10.19"]
[Round "7.1"]
[White "Ulybin, Mikhail"]
[Black "Epishin, Vladimir"]
[Result "1/2-1/2"]
[WhiteElo "2583"]
[BlackElo "2567"]
[EventDate "2000.10.13"]
[PlyCount "39"]

1.e4 c6 2.d4 d5 3.exd5 cxd5 4.c4 Nf6 5.Nc3 e6 6.Nf3 Bb4 7.cxd5 Nxd5 8.Qc2 
O-O 9.Be2 Nd7 10.O-O Be7 11.Nxd5 exd5 12.Bf4 Nf6 13.Bc7 Qe8 14.Ne5 Bd8 15.
Bd6 Be7 16.Bb5 Qxb5 17.Bxe7 Re8 18.Bxf6 gxf6 19.a4 Qb4 20.Nf3 1/2-1/2

[Event "4th Essent op"]
[Site "Hoogeveen NED"]
[Date "2000.10.19"]
[Round "7.3"]
[White "Tiviakov, Sergei"]
[Black "Ernst, Sipke"]
[Result "1/2-1/2"]
[WhiteElo "2608"]
[BlackElo "2373"]
[EventDate "2000.10.13"]
[PlyCount "67"]

1.e4 c6 2.d4 d5 3.Nd2 dxe4 4.Nxe4 Bf5 5.Ng3 Bg6 6.h4 h6 7.Nf3 Nf6 8.Ne5 
Bh7 9.Bd3 Bxd3 10.Qxd3 e6 11.Bd2 Be7 12.O-O-O O-O 13.f4 c5 14.dxc5 Bxc5 
15.Ne4 Be7 16.Nxf6+ Bxf6 17.Qg3 Qb6 18.Bc3 Qb5 19.f5 exf5 20.Rd6 f4 21.
Qxf4 Bxe5 22.Bxe5 f6 23.Bxf6 Rxf6 24.Rxf6 gxf6 25.Qxf6 Qb6 26.Qe5 Na6 27.
Rf1 Rd8 28.Qe7 Nb4 29.a3 Nd5 30.Qf7+ Kh8 31.Kb1 Nc3+ 32.Ka1 Nd1 33.Qf6+ 
Qxf6 34.Rxf6 1/2-1/2

[Event "4th Essent op"]
[Site "Hoogeveen NED"]
[Date "2000.10.19"]
[Round "7.4"]
[White "Van der Wiel, John"]
[Black "Gleizerov, Evgeny"]
[Result "1/2-1/2"]
[WhiteElo "2531"]
[BlackElo "2557"]
[EventDate "2000.10.13"]
[PlyCount "36"]

1.e4 e6 2.d4 d5 3.Nd2 Nf6 4.e5 Nfd7 5.c3 c5 6.f4 Nc6 7.Ndf3 Qb6 8.a3 cxd4 
9.cxd4 Na5 10.Ne2 Qb3 11.Nc3 Qxd1+ 12.Kxd1 a6 13.Bd3 Nb3 14.Rb1 Nxc1 15.
Rxc1 Nb6 16.Nb1 Bd7 17.b3 Be7 18.Ke2 O-O 1/2-1/2

[Event "4th Essent op"]
[Site "Hoogeveen NED"]
[Date "2000.10.19"]
[Round "7.5"]
[White "Werle, Jan"]
[Black "Mikhalevski, Victor"]
[Result "0-1"]
[WhiteElo "2311"]
[BlackElo "2532"]
[EventDate "2000.10.13"]
[PlyCount "48"]

1.Nf3 Nf6 2.c4 c5 3.d4 cxd4 4.Nxd4 e5 5.Nb5 d5 6.cxd5 Bc5 7.N5c3 O-O 8.h3 
Bf5 9.e3 Na6 10.Bxa6 bxa6 11.Qf3 Bg6 12.e4 Ne8 13.g4 Nd6 14.O-O Bd4 15.Nd2
f5 16.exf5 Nxf5 17.gxf5 Rxf5 18.Qe2 Qh4 19.Nde4 Qxh3 20.Ng5 Rxg5+ 21.Bxg5 
Bh5 22.Qe4 Bf3 23.Qxf3 Qxf3 24.Be3 Rf8 0-1

[Event "4th Essent op"]
[Site "Hoogeveen NED"]
[Date "2000.10.19"]
[Round "7.7"]
[White "Berkvens, Joost"]
[Black "Jonkman, Harmen"]
[Result "1-0"]
[WhiteElo "2364"]
[BlackElo "2424"]
[EventDate "2000.10.13"]
[PlyCount "57"]

1.e4 e5 2.Bc4 Nf6 3.d3 c6 4.Nf3 d5 5.Bb3 a5 6.Nc3 Bb4 7.a3 Bxc3+ 8.bxc3 a4
9.Ba2 Nbd7 10.exd5 cxd5 11.O-O O-O 12.Bg5 Qc7 13.Qd2 b6 14.Rae1 Re8 15.Nh4
Qc6 16.Nf5 Qe6 17.f4 e4 18.dxe4 Nxe4 19.Qxd5 Bb7 20.Ne7+ Qxe7 21.Bxe7 Bxd5
22.Bxd5 Nxc3 23.Bc6 Ra7 24.Bb4 Rc8 25.Bxc3 Rxc6 26.Re8+ Nf8 27.Bb4 Rc5 28.
Bxc5 bxc5 29.Rd1 1-0

[Event "4th Essent op"]
[Site "Hoogeveen NED"]
[Date "2000.10.19"]
[Round "7.9"]
[White "Visser, Yge"]
[Black "Timmermans, Ivo"]
[Result "1-0"]
[WhiteElo "2418"]
[BlackElo "2200"]
[EventDate "2000.10.13"]
[PlyCount "107"]

1.e4 e5 2.Nf3 Nc6 3.Nc3 Nf6 4.g3 d5 5.exd5 Nxd5 6.Bg2 Nxc3 7.bxc3 Bd6 8.
O-O O-O 9.d3 Bg4 10.h3 Bh5 11.g4 Bg6 12.Ng5 h6 13.Ne4 Qe7 14.Rb1 Rab8 15.
Be3 b6 16.Qf3 Nd8 17.Nxd6 cxd6 18.Qg3 Ne6 19.Rbe1 Qc7 20.c4 Qd7 21.h4 Qa4 
22.Rc1 Qxa2 23.h5 Bh7 24.g5 hxg5 25.Bxg5 Nd4 26.Rfe1 f6 27.Bd2 Qa4 28.c3 
Nb3 29.Bh6 Qd7 30.Rcd1 Kh8 31.Be3 Nc5 32.d4 Nd3 33.Re2 Qa4 34.Red2 Qxc4 
35.Bf1 e4 36.f3 f5 37.Bf4 Qxc3 38.Bxd3 exd3 39.Rxd3 Qc6 40.d5 Qc5+ 41.Kh1 
Rbd8 42.Rc1 Qb5 43.Rd2 Rd7 44.h6 Qb4 45.Rg2 g6 46.Bd2 Qb5 47.Qf4 Qxd5 48.
Bc3+ Kg8 49.Rd2 Qe6 50.Qd4 Kf7 51.Rdd1 g5 52.Qg7+ Ke8 53.Re1 Rxg7 54.hxg7 
1-0

[Event "4th Essent op"]
[Site "Hoogeveen NED"]
[Date "2000.10.19"]
[Round "7.10"]
[White "Rooda, Kai P"]
[Black "Van Kooten, Luuk"]
[Result "0-1"]
[WhiteElo "2202"]
[BlackElo "2292"]
[EventDate "2000.10.13"]
[PlyCount "106"]

1.d4 Nf6 2.Nf3 d5 3.c4 c6 4.cxd5 cxd5 5.Nc3 Nc6 6.Bf4 a6 7.e3 Bg4 8.Be2 e6
9.O-O Bd6 10.Bxd6 Qxd6 11.Rc1 O-O 12.h3 Bh5 13.Ne1 Bxe2 14.Qxe2 e5 15.dxe5
Nxe5 16.Nf3 Rac8 17.Rfd1 Rfd8 18.Nxe5 Qxe5 19.Qd2 Kf8 20.Ne2 Qd6 21.Qd4 
Rxc1 22.Rxc1 Rd7 23.Rc8+ Rd8 24.Qc3 Ke7 25.Nd4 g6 26.a3 Rxc8 27.Qxc8 Qd7 
28.Qc2 Qd6 29.Qd3 Qc5 30.Ne2 Qc4 31.Qd1 Ne4 32.Nd4 Nf6 33.f3 b5 34.Kf2 Nd7
35.Ne2 Ne5 36.Nf4 d4 37.Qxd4 Qxd4 38.exd4 Nc4 39.Nd3 Kd6 40.Ke2 a5 41.Ne5 
Nxb2 42.Nxf7+ Kd5 43.Ng5 Kxd4 44.Nxh7 Nc4 45.Nf8 Nxa3 46.Nxg6 b4 47.Nf4 b3
48.Nd3 Nc4 49.h4 a4 50.h5 a3 51.h6 Nd6 52.Nc1 Kc3 53.Kd1 a2 0-1

[Event "4th Essent op"]
[Site "Hoogeveen NED"]
[Date "2000.10.19"]
[Round "7.11"]
[White "Shklovski, Vladislav"]
[Black "Hommeles, Theo"]
[Result "0-1"]
[WhiteElo "2220"]
[BlackElo "2409"]
[EventDate "2000.10.13"]
[PlyCount "134"]

1.e4 e5 2.Nf3 Nc6 3.Bc4 Nf6 4.d4 exd4 5.e5 Ne4 6.Qe2 Nc5 7.O-O Be7 8.Rd1 
d5 9.exd6 Qxd6 10.Nc3 Bg4 11.Nb5 Qd7 12.Bf4 O-O 13.h3 Ne6 14.Bxe6 fxe6 15.
hxg4 Rxf4 16.g3 Rxg4 17.Nfxd4 Rxd4 18.Nxd4 Nxd4 19.Qd3 Bf6 20.c3 c5 21.
cxd4 Bxd4 22.Qe4 Rf8 23.Rd2 Rf6 24.Kg2 e5 25.Rh1 h6 26.b3 Qf7 27.f3 Rd6 
28.Rc2 Qd7 29.Rh5 a5 30.Re2 Qb5 31.Rc2 Qc6 32.Rh1 Qxe4 33.fxe4 b5 34.Rb1 
b4 35.Rf1 Ra6 36.Rf3 Kh7 37.Kf1 a4 38.Ke2 axb3 39.Rxb3 Kg6 40.Kd3 Kg5 41.
Kc4 Kg4 42.Rh2 g5 43.Kb5 Ra8 44.Kc4 h5 45.Kd5 Rd8+ 46.Kc4 Bg1 47.Rg2 Rd1 
48.a4 bxa3 49.Rxa3 Bd4 50.Rh2 Rc1+ 51.Kd5 c4 52.Ra6 c3 53.Rg6 Rd1 54.Ke6 
Re1 55.Kf6 Kxg3 56.Rxh5 Rf1+ 57.Ke7 g4 58.Rc6 Rf4 59.Ke6 Rxe4 60.Kd5 Re1 
61.Rg5 Kf4 62.Rg8 Rg1 63.Rc7 g3 64.Rf7+ Ke3 65.Rfg7 c2 66.Rxg3+ Rxg3 67.
Rxg3+ Kf2 0-1

[Event "4th Essent op"]
[Site "Hoogeveen NED"]
[Date "2000.10.19"]
[Round "7.12"]
[White "Peng, Zhaoqin"]
[Black "De Weerd, Warner"]
[Result "0-1"]
[WhiteElo "2403"]
[BlackElo "2071"]
[EventDate "2000.10.13"]
[PlyCount "108"]

1.d4 Nf6 2.Nf3 g6 3.c4 Bg7 4.Nc3 d6 5.e4 O-O 6.Be2 Na6 7.O-O c5 8.d5 Nc7 
9.h3 a6 10.a4 e5 11.Ne1 Nd7 12.a5 f5 13.exf5 gxf5 14.f4 e4 15.Nc2 Bxc3 16.
bxc3 Rf7 17.Ne3 Nf8 18.Bd2 Ne8 19.Be1 Ng6 20.Ra2 Rb8 21.Kh1 Ng7 22.Qb1 b6 
23.g3 Rfb7 24.axb6 Rxb6 25.Qc2 Bd7 26.g4 Qe7 27.Bg3 Nh4 28.Re1 Kh8 29.g5 
Ng6 30.h4 Qd8 31.Rea1 Qc8 32.h5 Nf8 33.Qd1 Qb7 34.Bh4 Bc8 35.Kg2 Qd7 36.
Kf2 Rb3 37.Ra3 Rb2 38.Kg3 Qf7 39.R3a2 Rxe2 40.Rxe2 Nxh5+ 41.Kh2 Nxf4 42.
Rd2 Nd3 43.Ng2 f4 44.Rxd3 exd3 45.Qxd3 Ng6 46.Rf1 Rb2 47.Bf2 Bg4 48.Qe4 
Re2 49.Qb1 Ne5 50.g6 Qf8 51.Nh4 Qd8 52.Kg1 Qg5 53.Qb8+ Kg7 54.gxh7 Bf3+ 
0-1

[Event "4th Essent op"]
[Site "Hoogeveen NED"]
[Date "2000.10.19"]
[Round "7.14"]
[White "Markus, John Raymond"]
[Black "Van der Veen, Jan"]
[Result "0-1"]
[WhiteElo "2238"]
[BlackElo "2092"]
[EventDate "2000.10.13"]
[PlyCount "86"]

1.d4 Nf6 2.Nf3 g6 3.Nc3 d5 4.Bf4 Bg7 5.e3 O-O 6.Be2 c6 7.Ne5 Nfd7 8.h4 
Nxe5 9.Bxe5 f6 10.Bxb8 Rxb8 11.h5 e5 12.hxg6 hxg6 13.e4 f5 14.exd5 exd4 
15.Bc4 Re8+ 16.Kf1 dxc3 17.dxc6+ Be6 18.Qe2 Qf6 19.bxc3 Bf7 20.Bxf7+ Qxf7 
21.Qb5 bxc6 22.Qxc6 Rbc8 23.Qa6 Rxc3 24.Kg1 Rxc2 25.Rd1 Rxa2 26.Qc6 Rae2 
27.Rh3 Re1+ 28.Rxe1 Rxe1+ 29.Kh2 Re8 30.Ra3 Bd4 31.f4 Re3 32.Qc8+ Re8 33.
Qc6 Bf6 34.Rd3 Kg7 35.Rd6 Rh8+ 36.Kg1 Rd8 37.Re6 Bd4+ 38.Kh2 Bf6 39.Re3 
Rh8+ 40.Kg3 Rb8 41.Kh2 Qb7 42.Qc4 Rh8+ 43.Kg1 Qb6 0-1

[Event "4th Essent op"]
[Site "Hoogeveen NED"]
[Date "2000.10.19"]
[Round "7.16"]
[White "Vogel, Jaap"]
[Black "Van Otten, Gerard J"]
[Result "1/2-1/2"]
[WhiteElo "2272"]
[BlackElo "2226"]
[EventDate "2000.10.13"]
[PlyCount "38"]

1.Nf3 c5 2.g3 Nf6 3.Bg2 g6 4.c3 Bg7 5.d4 cxd4 6.cxd4 O-O 7.Nc3 d5 8.Ne5 
Nc6 9.f4 e6 10.O-O Bd7 11.Be3 Qa5 12.Bf3 Rfc8 13.Qd2 Qd8 14.g4 Be8 15.Kh1 
Na5 16.f5 Nd7 17.Nxd7 Bxd7 18.b3 Nc6 19.Rac1 Qa5 1/2-1/2

[Event "4th Essent op"]
[Site "Hoogeveen NED"]
[Date "2000.10.20"]
[Round "8.1"]
[White "Epishin, Vladimir"]
[Black "Mikhalevski, Victor"]
[Result "1/2-1/2"]
[WhiteElo "2567"]
[BlackElo "2532"]
[EventDate "2000.10.13"]
[PlyCount "36"]

1.d4 Nf6 2.c4 c5 3.d5 b5 4.cxb5 a6 5.bxa6 g6 6.Nc3 Bxa6 7.g3 Bg7 8.Bg2 d6 
9.Nf3 Nbd7 10.Rb1 O-O 11.b3 Qa5 12.Bd2 Rfb8 13.O-O Ne8 14.Qc2 Qa3 15.Bc1 
Qa5 16.Bd2 Qa3 17.Bc1 Qa5 18.Bd2 Qa3 1/2-1/2

[Event "4th Essent op"]
[Site "Hoogeveen NED"]
[Date "2000.10.20"]
[Round "8.4"]
[White "Gleizerov, Evgeny"]
[Black "Dzhakaev, Dzhakay"]
[Result "1-0"]
[WhiteElo "2557"]
[BlackElo "2403"]
[EventDate "2000.10.13"]
[PlyCount "119"]

1.d4 d5 2.c4 e6 3.Nf3 Nf6 4.g3 dxc4 5.Bg2 Nc6 6.Qa4 Bd6 7.O-O O-O 8.Qxc4 
e5 9.Nc3 exd4 10.Nxd4 Ne5 11.Qa4 Bd7 12.Qb3 c5 13.Ndb5 c4 14.Qc2 Bc5 15.
Bf4 Qe7 16.Rad1 Rac8 17.Bg5 Bxb5 18.Nxb5 h6 19.Bf4 Rfe8 20.Nd4 Bxd4 21.
Rxd4 Ng6 22.Be3 b5 23.Rfd1 Rc5 24.Qd2 Re5 25.Bc6 Rf8 26.Bf3 Re6 27.Rd8 Ne4
28.Rxf8+ Nxf8 29.Qd8 Ng5 30.Bg2 Rxe3 31.fxe3 Qxe3+ 32.Kf1 Ne6 33.Qd6 a5 
34.Qd2 Qb6 35.Bd5 h5 36.a4 bxa4 37.Bxc4 Qc5 38.Qd5 Qc7 39.Rd3 h4 40.Rc3 
hxg3 41.hxg3 Qa7 42.Rf3 Qc7 43.Qb5 g6 44.Qxa4 Ng5 45.Rf4 Kg7 46.Qb3 Qd7 
47.Qc3+ Kg8 48.Rh4 Qf5+ 49.Kg2 Nfh7 50.Qd3 Qf6 51.b3 Qc6+ 52.Qd5 Qc7 53.
Rd4 Kg7 54.Qd6 Qb7+ 55.Bd5 Qa7 56.Qe5+ Nf6 57.Rc4 a4 58.Qxg5 Qa5 59.Rxa4 
Qb5 60.Qe5 1-0

[Event "4th Essent op"]
[Site "Hoogeveen NED"]
[Date "2000.10.20"]
[Round "8.5"]
[White "Cifuentes Parada, Roberto"]
[Black "Van der Wiel, John"]
[Result "1/2-1/2"]
[WhiteElo "2490"]
[BlackElo "2531"]
[EventDate "2000.10.13"]
[PlyCount "40"]

1.d4 d6 2.e4 Nf6 3.Nc3 g6 4.Nf3 Bg7 5.Be2 O-O 6.O-O c6 7.h3 Nbd7 8.e5 dxe5
9.dxe5 Nd5 10.Nxd5 cxd5 11.Bf4 e6 12.c4 dxc4 13.Bxc4 Nb6 14.Bb3 Qxd1 15.
Rfxd1 Bd7 16.a4 Bc6 17.a5 Nd5 18.Bg3 Ne7 19.Nd4 Bd5 20.Ba4 Rfc8 1/2-1/2

[Event "4th Essent op"]
[Site "Hoogeveen NED"]
[Date "2000.10.20"]
[Round "8.6"]
[White "Ernst, Sipke"]
[Black "Berkvens, Joost"]
[Result "1-0"]
[WhiteElo "2373"]
[BlackElo "2364"]
[EventDate "2000.10.13"]
[PlyCount "103"]

1.d4 Nf6 2.c4 e6 3.g3 c5 4.Nf3 cxd4 5.Nxd4 Qc7 6.Nc3 a6 7.e4 Bb4 8.Bd2 O-O
9.Qe2 d5 10.e5 Bxc3 11.Bxc3 Ne4 12.Bb4 Rd8 13.f3 Qb6 14.Nc2 Nc6 15.Ba3 Nc5
16.O-O-O d4 17.Qf2 Nxe5 18.Rxd4 Bd7 19.Qe3 Qc7 20.Be2 b6 21.Rhd1 Nc6 22.
R4d2 Nb7 23.f4 Be8 24.Rxd8 Rxd8 25.Rxd8 Ncxd8 26.f5 Nc5 27.fxe6 Ndxe6 28.
Nd4 Bd7 29.b3 Qd6 30.Bb2 Nxd4 31.Qxd4 Qh6+ 32.Qd2 Qe6 33.Qg5 f6 34.Qd5 
Qxd5 35.cxd5 a5 36.Kd2 Kf7 37.Ke3 Ke7 38.Kd4 Kd6 39.Ba3 Be8 40.b4 axb4 41.
Bxb4 Ba4 42.Bc4 g6 43.Bd3 f5 44.h4 Bd1 45.Bb5 h6 46.a4 Kc7 47.Bxc5 bxc5+ 
48.Kxc5 g5 49.hxg5 hxg5 50.a5 f4 51.gxf4 gxf4 52.a6 1-0

[Event "4th Essent op"]
[Site "Hoogeveen NED"]
[Date "2000.10.20"]
[Round "8.7"]
[White "Van Kooten, Luuk"]
[Black "Werle, Jan"]
[Result "1/2-1/2"]
[WhiteElo "2292"]
[BlackElo "2311"]
[EventDate "2000.10.13"]
[PlyCount "45"]

1.d4 Nf6 2.c4 e6 3.Nc3 Bb4 4.e3 O-O 5.Bd3 d5 6.cxd5 exd5 7.Ne2 c5 8.O-O 
Nc6 9.a3 cxd4 10.exd4 Bd6 11.f3 h6 12.Be3 a6 13.Bf2 Qc7 14.h3 Be6 15.Rc1 
Nh5 16.Bb1 Nf4 17.Nxf4 Bxf4 18.Qd3 g6 19.Be3 Rfe8 20.Bxf4 Qxf4 21.Ne2 Qh4 
22.Qd2 Rac8 23.Rfd1 1/2-1/2

[Event "4th Essent op"]
[Site "Hoogeveen NED"]
[Date "2000.10.20"]
[Round "8.8"]
[White "Van der Veen, Jan"]
[Black "Visser, Yge"]
[Result "0-1"]
[WhiteElo "2092"]
[BlackElo "2418"]
[EventDate "2000.10.13"]
[PlyCount "74"]

1.e4 e6 2.d4 d5 3.Nc3 Nf6 4.Bg5 Bb4 5.e5 h6 6.Bd2 Bxc3 7.Bxc3 Ne4 8.Bb4 c5
9.Bxc5 Nxc5 10.dxc5 Nd7 11.Nf3 Nxc5 12.Qd4 b6 13.O-O-O Bd7 14.Kb1 Rc8 15.
Qe3 b5 16.Nd4 Qb6 17.Bd3 b4 18.h4 a5 19.h5 a4 20.f4 b3 21.cxb3 axb3 22.
Nxb3 Ba4 23.Bc2 O-O 24.Rc1 Bxb3 25.Bxb3 Qb4 26.Rhd1 Nxb3 27.Rxc8 Rxc8 28.
axb3 Ra8 29.Rd3 Qa5 30.Rc3 Qa1+ 31.Kc2 Qh1 32.Qe2 d4 33.Rc7 Rd8 34.Kd3 
Qb1+ 35.Rc2 Qa2 36.Ke4 d3 37.Qd2 Qa8+ 0-1

[Event "4th Essent op"]
[Site "Hoogeveen NED"]
[Date "2000.10.20"]
[Round "8.9"]
[White "Jonkman, Harmen"]
[Black "Pel, Bonno"]
[Result "1-0"]
[WhiteElo "2424"]
[BlackElo "2300"]
[EventDate "2000.10.13"]
[PlyCount "57"]

1.e4 d6 2.d4 Nf6 3.Nc3 g6 4.f4 Bg7 5.Nf3 O-O 6.Bd3 Na6 7.O-O c5 8.d5 Rb8 
9.Qe2 Nc7 10.a4 a6 11.a5 b5 12.axb6 Rxb6 13.Na4 Rb8 14.c4 e6 15.e5 Nfe8 
16.exd6 Nxd6 17.Ne5 Bb7 18.Nxc5 exd5 19.Nxb7 Rxb7 20.cxd5 Nxd5 21.Rxa6 Nb4
22.Nc6 Qc7 23.Nxb4 Rxb4 24.Kh1 Rc8 25.h3 Nc4 26.f5 Nxb2 27.fxg6 hxg6 28.
Bxg6 fxg6 29.Rxg6 1-0

[Event "4th Essent op"]
[Site "Hoogeveen NED"]
[Date "2000.10.20"]
[Round "8.10"]
[White "Hommeles, Theo"]
[Black "De Weerd, Warner"]
[Result "1-0"]
[WhiteElo "2409"]
[BlackElo "2071"]
[EventDate "2000.10.13"]
[PlyCount "109"]

1.e4 Nf6 2.e5 Nd5 3.d4 d6 4.Nf3 Bg4 5.Be2 e6 6.O-O Be7 7.c4 Nb6 8.Nc3 N8d7
9.h3 Bh5 10.exd6 cxd6 11.b3 O-O 12.Bf4 Nf6 13.Re1 a5 14.Nb5 a4 15.Nd2 Bg6 
16.Bf3 Qd7 17.Qe2 Ra5 18.Nc3 axb3 19.axb3 Rfa8 20.Rxa5 Rxa5 21.d5 e5 22.
Be3 Bd8 23.Rc1 h6 24.g4 Na8 25.b4 Ra3 26.c5 dxc5 27.bxc5 Ba5 28.c6 bxc6 
29.dxc6 Qd3 30.Nde4 Qxe2 31.Nxf6+ gxf6 32.Nxe2 Bd3 33.Ng3 Nc7 34.Bxh6 Bb6 
35.Be3 Bxe3 36.fxe3 e4 37.Bxe4 Bxe4 38.Nxe4 Rxe3 39.Nxf6+ Kg7 40.Nh5+ Kg6 
41.Kf2 Ra3 42.Rc5 Kh6 43.Nf4 Kg7 44.h4 Kf8 45.h5 Ke7 46.h6 Ra8 47.g5 Kf8 
48.Kg3 Rc8 49.Kg4 Na6 50.Rc4 Nc7 51.Kh5 Ra8 52.Rd4 Kg8 53.Rd7 Rc8 54.Rxc7 
Rxc7 55.Nd5 1-0

[Event "4th Essent op"]
[Site "Hoogeveen NED"]
[Date "2000.10.20"]
[Round "8.12"]
[White "Timmermans, Ivo"]
[Black "De Jong, Migchiel"]
[Result "1/2-1/2"]
[WhiteElo "2200"]
[BlackElo "2276"]
[EventDate "2000.10.13"]
[PlyCount "219"]

1.d4 Nf6 2.c4 g6 3.Nc3 Bg7 4.e4 d6 5.f4 O-O 6.Nf3 Na6 7.e5 Nd7 8.Be2 c5 9.
exd6 exd6 10.O-O Nf6 11.d5 Re8 12.Bd3 Ng4 13.h3 Ne3 14.Bxe3 Rxe3 15.Qd2 
Re8 16.Rae1 Nc7 17.Kh1 Bd7 18.Ne4 Bf5 19.g4 Bxe4 20.Bxe4 b5 21.Bd3 bxc4 
22.Bxc4 Rb8 23.b3 Nb5 24.Bxb5 Rxb5 25.Rxe8+ Qxe8 26.Re1 Qd7 27.Qd3 Rb4 28.
Re4 a5 29.Kg2 h6 30.Nd2 Bd4 31.Qa6 a4 32.Qa8+ Kh7 33.Qf8 Bg7 34.Re7 Bxf8 
35.Rxd7 axb3 36.axb3 Rxf4 37.Nc4 Rd4 38.Rd8 Be7 39.Rd7 Bf8 40.Rd8 Kg7 41.
Nxd6 Bxd6 42.Rxd6 Kf8 43.Rb6 Rxd5 44.b4 Rd2+ 45.Kf3 Rd3+ 46.Kg2 c4 47.Rc6 
c3 48.b5 Rd2+ 49.Kg3 c2 50.b6 Ke7 51.b7 Rd3+ 52.Kf4 Rb3 53.Rc7+ Kd6 54.
Rxc2 Rxb7 55.Rd2+ Ke6 56.Re2+ Kf6 57.Re3 Rb1 58.Ra3 Rf1+ 59.Kg3 Rg1+ 60.
Kf2 Rd1 61.Kg3 Ke5 62.Re3+ Kd4 63.Re7 Rf1 64.Kg2 Rf6 65.Kg3 Kd3 66.h4 Kd4 
67.g5 hxg5 68.hxg5 Rf1 69.Kg4 Rf5 70.Kh4 Kd5 71.Kg4 Rf1 72.Re2 Rf5 73.Re7 
Kd6 74.Ra7 Rf1 75.Ra6+ Ke7 76.Ra7+ Kf8 77.Ra8+ Kg7 78.Ra7 Rb1 79.Ra4 Rb7 
80.Rc4 Kf8 81.Re4 Re7 82.Ra4 Ke8 83.Kf4 Rb7 84.Re4+ Kd7 85.Rd4+ Ke6 86.
Re4+ Kd5 87.Re5+ Kd6 88.Re4 Rc7 89.Rd4+ Ke6 90.Re4+ Kd5 91.Re5+ Kd6 92.Re4
Rc5 93.Rd4+ Rd5 94.Ra4 Rf5+ 95.Kg4 Ke5 96.Ra5+ Ke4 97.Ra4+ Ke3 98.Ra3+ Kf2
99.Ra2+ Kg1 100.Ra1+ Kg2 101.Ra2+ Rf2 102.Rxf2+ Kxf2 103.Kf4 Kg2 104.Kg4 
Kh2 105.Kh4 Kh1 106.Kh3 Kg1 107.Kg3 Kh1 108.Kh3 Kg1 109.Kg3 Kh1 110.Kh3 
1/2-1/2

[Event "4th Essent op"]
[Site "Hoogeveen NED"]
[Date "2000.10.20"]
[Round "8.15"]
[White "Peng, Zhaoqin"]
[Black "Hendriks, Richard V"]
[Result "1-0"]
[WhiteElo "2403"]
[BlackElo "2098"]
[EventDate "2000.10.13"]
[PlyCount "63"]

1.d4 Nf6 2.c4 e6 3.Nf3 Bb4+ 4.Nbd2 d5 5.a3 Bxd2+ 6.Bxd2 O-O 7.Rc1 c6 8.e3 
Nbd7 9.Bd3 Re8 10.O-O Ne4 11.Qc2 Ndf6 12.Rfd1 Nxd2 13.Rxd2 Bd7 14.Ne5 Rc8 
15.c5 Re7 16.f4 Be8 17.g4 b5 18.g5 Ne4 19.Bxe4 dxe4 20.Qxe4 f6 21.gxf6 
gxf6 22.Rg2+ Kh8 23.Kf2 Qc7 24.Rcg1 Bh5 25.Nxc6 Ree8 26.Nb4 a5 27.Nd3 Bg6 
28.f5 Bxf5 29.Qh4 Qf7 30.e4 Bxe4 31.Qxe4 e5 32.Qf5 1-0

[Event "4th Essent op"]
[Site "Hoogeveen NED"]
[Date "2000.10.20"]
[Round "8.16"]
[White "Van Otten, Gerard J"]
[Black "Markus, John Raymond"]
[Result "0-1"]
[WhiteElo "2226"]
[BlackElo "2238"]
[EventDate "2000.10.13"]
[PlyCount "80"]

1.e4 e5 2.Nf3 Nc6 3.Bb5 a6 4.Ba4 Nf6 5.O-O b5 6.Bb3 Bc5 7.a4 Bb7 8.Nxe5 
Nxe5 9.d4 Bxd4 10.Qxd4 d6 11.axb5 axb5 12.Rxa8 Bxa8 13.Nc3 c5 14.Qe3 c4 
15.Ba2 O-O 16.Nxb5 Bxe4 17.Bb1 Re8 18.Qg3 Qb6 19.Nc3 Bg6 20.Rd1 d5 21.Qe3 
Qb8 22.Qd4 Nc6 23.Qc5 Nb4 24.h3 Nxc2 25.Nxd5 Nxd5 26.Qxd5 Nb4 27.Qxc4 Bxb1
28.Bd2 Rd8 29.Rxb1 Rxd2 30.Rc1 Rd8 31.g3 Nd3 32.Rd1 Nxb2 33.Rxd8+ Qxd8 34.
Qb5 Nd3 35.Kg2 h6 36.h4 g6 37.Qc4 Qa8+ 38.Kg1 Qf3 39.Qc8+ Kh7 40.Qc2 Ne1 
0-1

[Event "4th Essent op"]
[Site "Hoogeveen NED"]
[Date "2000.10.21"]
[Round "9.2"]
[White "Dvoirys, Semen I"]
[Black "Gleizerov, Evgeny"]
[Result "1-0"]
[WhiteElo "2562"]
[BlackElo "2557"]
[EventDate "2000.10.13"]
[PlyCount "111"]

1.e4 e6 2.d4 d5 3.e5 c5 4.c3 Nc6 5.Nf3 Bd7 6.Be2 Nge7 7.Na3 cxd4 8.cxd4 
Nf5 9.Nc2 Rc8 10.O-O Qb6 11.Kh1 Nb4 12.Nxb4 Qxb4 13.a4 a5 14.Bd2 Qb6 15.g4
Ne7 16.b4 axb4 17.a5 Qc7 18.Bxb4 Ng6 19.Bd2 Be7 20.Qb3 O-O 21.Rfc1 Qb8 22.
Rxc8 Bxc8 23.Rc1 f6 24.exf6 gxf6 25.a6 Qa8 26.Bh6 Rd8 27.Rc7 bxa6 28.Bd3 
Rd7 29.Rc1 Bb7 30.Bxg6 hxg6 31.Qe3 Kf7 32.g5 Qh8 33.gxf6 Bxf6 34.Bg5 Bg7 
35.Qf4+ Kg8 36.Qg4 Qh5 37.Qxe6+ Rf7 38.Rc3 Bxd4 39.Nxd4 Qd1+ 40.Kg2 Qxd4 
41.Qe8+ Rf8 42.Qe6+ Rf7 43.Rf3 Qg7 44.Rf6 d4+ 45.f3 Qf8 46.Rxg6+ Kh7 47.
Rh6+ Kg8 48.Rf6 Bc8 49.Qc4 Bd7 50.Rg6+ Kh7 51.Rh6+ Kg8 52.Qxd4 Qg7 53.Qd5 
Qb2+ 54.Kg3 Qb1 55.Qa8+ Rf8 56.Rh8+ 1-0

[Event "4th Essent op"]
[Site "Hoogeveen NED"]
[Date "2000.10.21"]
[Round "9.3"]
[White "Mikhalevski, Victor"]
[Black "Kharitonov, Andrei Y"]
[Result "1/2-1/2"]
[WhiteElo "2532"]
[BlackElo "2539"]
[EventDate "2000.10.13"]
[PlyCount "25"]

1.d4 d6 2.Nf3 g6 3.c4 Bg7 4.Nc3 e5 5.e4 Nd7 6.Be2 Nh6 7.O-O O-O 8.Re1 c6 
9.Bf1 f6 10.a3 Nf7 11.dxe5 dxe5 12.b4 Qe7 13.Qb3 1/2-1/2